<?xml version="1.0" encoding="UTF-8"?>
<collection xmlns="http://www.loc.gov/MARC21/slim">
 <record>
  <leader>01557nam a22002895a 4500</leader>
  <controlfield tag="001">CEM.cems014466</controlfield>
  <controlfield tag="008">130507s2000##################000#0#####d</controlfield>
  <controlfield tag="005">20220929200854.0</controlfield>
  <datafield tag="245" ind1="1" ind2="0">
   <subfield code="a">Cuentos sobre rieles /</subfield>
   <subfield code="c">Ray Bradbury ... y Otros</subfield>
  </datafield>
  <datafield tag="260" ind1=" " ind2=" ">
   <subfield code="a">Buenos Aires :</subfield>
   <subfield code="b">Cántaro,</subfield>
   <subfield code="c">2000</subfield>
  </datafield>
  <datafield tag="300" ind1=" " ind2=" ">
   <subfield code="a">125 p.</subfield>
  </datafield>
  <datafield tag="490" ind1="0" ind2=" ">
   <subfield code="a">Del Mirador ; 143</subfield>
  </datafield>
  <datafield tag="505" ind1="0" ind2=" ">
   <subfield code="a">Literatura para una nueva escuela -- Puertas de acceso: Letra y rieles. Un poco de historia. Primera parada: la estación fantasma. Segunda parada: un crimen sin resolver. Tercera parada: la estación del misterio. Cuarta parada: Una estación evanescente. El viaje está por comenzar ... -- La obra: cuentos sobre rieles -- En el expreso de Oriente, hacia el norte / Ray Bradbury -- El expreso de Plymouth / Agatha Christie -- El tren desaparecido / Arthur Conan Doyle -- El viajero abonado / Philip K. Dick -- Manos a la obra: El universo fantasmal. El universo policial. El universo literario -- Cuarto de herramientas: Sir Arthur Conan Doyle. Ray Bradbury. Agatha Christie. Philip K. Dick -- Biografía</subfield>
  </datafield>
  <datafield tag="020" ind1=" " ind2=" ">
   <subfield code="a">9507530614</subfield>
  </datafield>
  <datafield tag="100" ind1="1" ind2=" ">
   <subfield code="a">Bradbury, Ray</subfield>
  </datafield>
  <datafield tag="700" ind1="1" ind2=" ">
   <subfield code="a">Christie, Agatha</subfield>
  </datafield>
  <datafield tag="700" ind1="1" ind2=" ">
   <subfield code="a">Doyle, Arthur Conan</subfield>
  </datafield>
  <datafield tag="700" ind1="1" ind2=" ">
   <subfield code="a">Dick, Philip K.</subfield>
  </datafield>
  <datafield tag="082" ind1="0" ind2="4">
   <subfield code="a">808.8</subfield>
  </datafield>
  <datafield tag="653" ind1=" " ind2=" ">
   <subfield code="a">Literatura universal</subfield>
  </datafield>
  <datafield tag="653" ind1=" " ind2=" ">
   <subfield code="a">Cuentos</subfield>
  </datafield>
  <datafield tag="653" ind1=" " ind2=" ">
   <subfield code="a">Cuento policial</subfield>
  </datafield>
  <datafield tag="653" ind1=" " ind2=" ">
   <subfield code="a">Cuento suspenso</subfield>
  </datafield>
  <datafield tag="653" ind1=" " ind2=" ">
   <subfield code="a">Cuento fantástico</subfield>
  </datafield>
  <datafield tag="653" ind1=" " ind2=" ">
   <subfield code="a">Literatura ferroviaria</subfield>
  </datafield>
  <datafield tag="859" ind1=" " ind2=" ">
   <subfield code="a">CEMS</subfield>
   <subfield code="b">BIB. CEMS - 11 de abril</subfield>
   <subfield code="h">808.8</subfield>
   <subfield code="i">B726</subfield>
   <subfield code="p">A3419.21</subfield>
   <subfield code="t">Ej.1</subfield>
  </datafield>
  <datafield tag="859" ind1=" " ind2=" ">
   <subfield code="a">CEMS</subfield>
   <subfield code="b">BIB. CEMS - 11 de abril</subfield>
   <subfield code="h">808.8</subfield>
   <subfield code="i">B726</subfield>
   <subfield code="p">26991.14</subfield>
   <subfield code="t">Ej.1</subfield>
  </datafield>
 </record>
</collection>
